| 000 | 00737nam a2200229 a 4500 | ||
|---|---|---|---|
| 001 | 40077 | ||
| 003 | BD-RjUL | ||
| 005 | 20211209053130.0 | ||
| 008 | 160421b19811966bg ||||| |||| 00| 0 ben d | ||
| 020 | _c: Tk.22.00 | ||
| 035 | _a(BD-RjUL) 40192 | ||
| 040 |
_aBD-RjUL _bben _cBD-RjUL |
||
| 041 | _aben | ||
| 082 |
_223 _a891.443 _bRUD 1981 |
||
| 100 |
_aরুশ্দ্, আবু _9123411 |
||
| 245 | 1 | 0 |
_aডোবা হল দীঘি / _cআবু রুশ্দ্ |
| 260 |
_aঢাকা : _bমুক্তধারা, _c১৯৮১ |
||
| 300 |
_a১৭৯ পৃ. ; _c২১ সে.মি. |
||
| 650 |
_aবাংলা উপন্যাস _9123412 |
||
| 650 |
_aBengali fiction _9123413 |
||
| 942 |
_2ddc _cBK |
||
| 999 |
_c40077 _d40077 |
||